[Event "Moscow op-B"]
[Site "Moscow"]
[Date "2009.02.08"]
[Round "9"]
[White "Losev, Sergey"]
[Black "Ashirov, Sanzhar"]
[Result "1-0"]
[WhiteElo "1985"]
[BlackElo "1400"]
[PlyCount "73"]
[EventDate "2009.01.31"]
[EventType "swiss"]
[EventRounds "9"]
[EventCountry "RUS"]
[SourceTitle "EXT 2012"]
[Source "ChessBase"]
[SourceDate "2011.11.24"]
[SourceVersion "1"]
[SourceVersionDate "2011.11.24"]
[SourceQuality "1"]

1. d4 Nf6 2. c4 g6 3. Nc3 Bg7 4. e4 d6 5. f4 0-0 6. Nf3 c6 7. Bd3 Nbd7 8. 0-0 Qe8 9. e5 dxe5 10. dxe5 Ng4 11. h3 Nh6 12. Qe2 Nc5 13. Bc2 Bf5 14. b4 Bxc2 15. Qxc2 Nd7 16. Bb2 Nf5 17. Rae1 Nb6 18. Ne4 Qc8 19. Nfg5 h6 20. Nf3 e6 21. g4 Ne7 22. Bd4 Qc7 23. Nf6+ Kh8 24. Nh4 Rfd8 25. Bc5 Nbc8 26. Rf3 b6 27. Bf2 a5 28. a3 axb4 29. axb4 Qa7 30. Rd3 Rxd3 31. Qxd3 Bxf6 32. exf6 Ng8 33. Nxg6+ fxg6 34. Qxg6 Qh7 35. Qxh7+ Kxh7 36. f7 Ra4 37. f8Q 1-0